| 000 | 003460000a22001090004500 | ||
|---|---|---|---|
| 090 |
_aAS _bSeriadas |
||
| 245 | 1 | 0 | _aObservaciones sobre algunas Bromeliaceas |
| 041 | 0 | _aEspañol | |
| 100 | 1 |
_aHermano, Daniel _9100166 |
|
| 942 | _cARTICULO | ||
| 773 | 1 |
_tRevista de la Academia Colombiana de Ciencias Exactas, Físicas y Naturales _h25-26 _q83-87 _d1947 _g7 |
|
| 999 |
_c15907 _d15907 |
||